|
|
|
|
| LEADER |
00000naa2a2200000 4500 |
| 001 |
57802 |
| 005 |
20231031054448.0 |
| 035 |
|
|
|a (RuTPU)RU\TPU\book\61025
|
| 090 |
|
|
|a 57802
|
| 100 |
|
|
|a 20031117d1997 k y0rusy50 ca
|
| 101 |
0 |
|
|a rus
|
| 102 |
|
|
|a RU
|
| 200 |
1 |
|
|a Классификация расчетных задач по химии
|f Н. Ф. Стась
|
| 463 |
|
1 |
|0 (RuTPU)RU\TPU\book\8464
|t Развитие творческого мышления в образовательном процессе. Духовно-нравственный опыт и интеграция в содержании образования
|o Материалы региональной научно-практической конференции, 29-30 апреля 1997 г.
|f Томский государственный университет
|v С. 26-29.
|d 1997
|p 151 с.
|
| 610 |
1 |
|
|a труды учёных ТПУ
|
| 686 |
|
|
|a Ч 4212.2 ЛО
|v LBC/SL-A
|2 rubbk
|
| 700 |
|
1 |
|a Стась
|b Н. Ф.
|c химик
|c доцент Томского политехнического университета, кандидат химических наук
|f 1939-
|g Николай Фёдорович
|2 stltpush
|3 (RuTPU)RU\TPU\pers\25192
|
| 801 |
|
1 |
|a RU
|b 63413507
|c 20031117
|g PSBO
|
| 801 |
|
2 |
|a RU
|b 63413507
|c 20121220
|g PSBO
|
| 942 |
|
|
|c BK
|